| 000 | 01004cam a22002773a 4500 | ||
|---|---|---|---|
| 001 | 6022 | ||
| 003 | PGUSA | ||
| 005 | 20140828083127.0 | ||
| 008 | 040701s2004||||xxu|||||s|||||000 | eng d | ||
| 040 |
_aPGUSA _beng |
||
| 042 | _adc | ||
| 050 | 4 | _aPT | |
| 245 | 1 | 0 |
_aStories by Foreign Authors : _bGerman — Volume 2 _h[electronic resource] |
| 260 |
_bProject Gutenberg, _c2004 |
||
| 505 | 0 | _aChristian Gellert's Last Christmas, by Berthold Auerbach -- A Ghetto Violet, by Leopold Kompert -- The Severed Hand, by Wilhelm Hauff -- Peter Schlemihl, by Adelbert Von Chamisso. | |
| 506 | _aPublic domain in the USA. | ||
| 516 | _aElectronic text | ||
| 653 | _aShort stories, German -- Translations into English | ||
| 700 | 1 |
_aAuerbach, Berthold, _d1812-1882 |
|
| 700 | 1 |
_aChamisso, Adelbert von, _d1781-1838 |
|
| 700 | 1 |
_aKompert, Leopold, _d1822-1886 |
|
| 700 | 1 |
_aHauff, Wilhelm, _d1802-1827 |
|
| 830 | 0 |
_aProject Gutenberg _v6022 |
|
| 856 | 4 | 0 | _uhttp://www.gutenberg.org/ebooks/6022 |
| 942 | _cEB | ||
| 999 |
_c235350 _d235350 |
||